Top 10 NBA teams by Instagram followers - Statistics

General Stats
  • This quiz has been taken 56 times
  • The average score is 8 of 10
Answer Stats
Hint Answer % Correct
24.3m Los Angeles Lakers
97%
7.9m Boston Celtics
92%
10.1m Chicago Bulls
84%
32.5m Golden State Warriors
84%
6.7m Miami Heat
84%
5.3m Los Angeles Clippers
78%
6.3m Houston Rockets
62%
5.5km Milwaukee Bucks
62%
5.9m Oklahoma City Thunder
59%
16.6m Cleveland Cavaliers
49%
No matching quizzes found
Score Distribution
Percent of People with Each Score
Percentile by Number Answered
Your Score History
You have not taken this quiz